| 000 | 00529nam a2200193Ia 4500 | ||
|---|---|---|---|
| 003 | IN-BaIIA | ||
| 008 | 211028s9999 xx 000 0 eng d | ||
| 020 | _a0-486-62215-0 | ||
| 040 | _cIIA Library | ||
| 080 |
_a535.417 _bTOL |
||
| 100 | _aTolansky, S | ||
| 245 | 0 |
_aMultiple-Beam Interferometry Surfaces and Films _cS. Tolansky |
|
| 260 |
_aNew York _bDover Publications _c1970 |
||
| 300 | _avi, 186p. | ||
| 650 |
_aApplied Physics _97044 |
||
| 650 | _aAstronomy and Astrophysics Thesaurus | ||
| 650 | _aOptics | ||
| 942 | _cBK | ||
| 999 |
_c3975 _d3975 |
||